Game of Thrones - Personnages par images - Statistiques

Statistiques générales
  • Ce quiz a été pris 113 fois
  • Le résultat moyen est 13 sur 16
Statistiques - réponses
Par images Réponse % Correct
Sansa Stark
100%
Tyrion Lannister
99%
Jon Snow
97%
Cersei Lannister
95%
Robb Stark
94%
Peter Baelish
92%
Arya Stark
89%
Daenerys Targaryen
89%
Varys
89%
Bran Stark
86%
Ygrid
86%
Joffrey Baratheon
85%
Brienne de Torth
79%
Catelyn Stark
65%
Margaery Tyrell
61%
Ellaria Sand
29%
Aucun quiz correspondant
Distribution des résultats
% des personnes avec chaque résultat
Percentile par nombre de réponses
Votre historique - résultats
Vous n’avez pas pris ce quiz